[Event "George Trundle NZ Reserves 2017"]
[Site "Auckland, NZL"]
[Date "2017.10.07"]
[Round "8.2"]
[White "Braganza, Nadia"]
[Black "Peak, Stephen"]
[Result "0-1"]
[BlackElo "1670"]
[WhiteElo "1517"]
[LiveChessVersion "1.4.8"]

1. e4 {[%clk 1:30:56]} e5 {[%clk 1:30:36]} 2. Nf3 {[%clk 1:31:09]} Nc6
{[%clk 1:30:50]} 3. Bc4 {[%clk 1:31:20]} Bc5 {[%clk 1:30:33]} 4. c3
{[%clk 1:31:17]} Nf6 {[%clk 1:30:21]} 5. d4 {[%clk 1:30:51]} exd4
{[%clk 1:30:40]} 6. cxd4 {[%clk 1:31:12]} Bb4+ {[%clk 1:30:37]} 7. Bd2
{[%clk 1:30:27]} Bxd2+ {[%clk 1:27:01]} 8. Nbxd2 {[%clk 1:30:47]} d6
{[%clk 1:26:15]} 9. Bb5 {[%clk 1:28:03]} Bd7 {[%clk 1:24:11]} 10. O-O
{[%clk 1:25:25]} O-O {[%clk 1:24:30]} 11. Re1 {[%clk 1:18:48]} a6
{[%clk 1:21:09]} 12. Ba4 {[%clk 1:18:35]} b5 {[%clk 1:17:38]} 13. Bc2
{[%clk 1:13:03]} Nb4 {[%clk 1:11:00]} 14. a3 {[%clk 1:12:57]} Nxc2
{[%clk 1:11:14]} 15. Qxc2 {[%clk 1:13:19]} Rc8 {[%clk 1:03:31]} 16. e5
{[%clk 1:01:40]} Nh5 {[%clk 0:59:10]} 17. Qe4 {[%clk 0:53:26]} g6
{[%clk 0:58:23]} 18. Rac1 {[%clk 0:42:03]} c6 {[%clk 0:51:43]} 19. exd6
{[%clk 0:34:17]} Re8 {[%clk 0:47:28]} 20. Qc2 {[%clk 0:32:43]} Rxe1+
{[%clk 0:44:45]} 21. Rxe1 {[%clk 0:32:42]} Be6 {[%clk 0:44:14]} 22. Qc5
{[%clk 0:19:45]} Nf4 {[%clk 0:41:46]} 23. Qg5 {[%clk 0:14:33]} Nd3
{[%clk 0:35:07]} 24. Qxd8+ {[%clk 0:07:14]} Rxd8 {[%clk 0:35:35]} 25. Re3
{[%clk 0:05:47]} Nxb2 {[%clk 0:35:34]} 26. Ne4 {[%clk 0:05:23]} Nc4
{[%clk 0:32:55]} 27. Rc3 {[%clk 0:05:09]} Kg7 {[%clk 0:32:00]} 28. Ne5
{[%clk 0:05:25]} Nxd6 {[%clk 0:20:07]} 29. Nxd6 {[%clk 0:05:01]} Rxd6
{[%clk 0:20:10]} 30. Nf3 {[%clk 0:04:43]} Bg4 {[%clk 0:17:03]} 31. Kf1
{[%clk 0:03:57]} Bxf3 {[%clk 0:17:14]} 32. gxf3 {[%clk 0:04:09]} Kf6
{[%clk 0:15:00]} 33. Ke2 {[%clk 0:04:17]} Kg5 {[%clk 0:13:30]} 34. Kf1
{[%clk 0:03:37]} f5 {[%clk 0:10:30]} 35. Kg2 {[%clk 0:03:43]} a5 {[%clk 0:08:45]}
36. Kg3 {[%clk 0:03:14]} f4+ {[%clk 0:08:25]} 37. Kg2 {[%clk 0:03:29]} b4
{[%clk 0:06:49]} 38. axb4 {[%clk 0:03:44]} axb4 {[%clk 0:06:49]} 39. Rc4
{[%clk 0:04:03]} b3 {[%clk 0:06:52]} 40. Rb4 {[%clk 0:34:26]} b2 {[%clk 0:37:04]}
41. Rxb2 {[%clk 0:34:27]} Rxd4 {[%clk 0:37:32]} 42. Rc2 {[%clk 0:34:33]} Rd6
{[%clk 0:37:36]} 43. Kh3 {[%clk 0:31:07]} h6 {[%clk 0:35:32]} 44. Rc5+
{[%clk 0:30:54]} Kf6 {[%clk 0:35:59]} 45. Kg4 {[%clk 0:29:55]} g5
{[%clk 0:35:57]} 46. Kh5 {[%clk 0:29:04]} Ke7 {[%clk 0:33:39]} 47. h4
{[%clk 0:28:12]} gxh4 {[%clk 0:32:55]} 48. Kxh4 {[%clk 0:28:24]} Rf6
{[%clk 0:30:52]} 49. Kg4 {[%clk 0:27:47]} Kd6 {[%clk 0:29:51]} 50. Rc4
{[%clk 0:25:19]} c5 {[%clk 0:29:38]} 51. Kh5 {[%clk 0:17:52]} Kd5
{[%clk 0:27:34]} 52. Re4 {[%clk 0:17:54]} c4 {[%clk 0:27:20]} 53. Re8
{[%clk 0:17:22]} Kd4 {[%clk 0:26:05]} 54. Rd8+ {[%clk 0:17:40]} Kc3
{[%clk 0:26:30]} 55. Rc8 {[%clk 0:17:49]} Kb3 {[%clk 0:26:15]} 56. Rb8+
{[%clk 0:18:07]} Kc2 {[%clk 0:26:37]} 57. Rc8 {[%clk 0:18:33]} c3
{[%clk 0:26:53]} 58. Rc7 {[%clk 0:18:17]} Kd1 {[%clk 0:23:41]} 59. Rxc3
{[%clk 0:18:00]} Ke2 {[%clk 0:23:52]} 60. Ra3 Kxf2 61. Rc3 Kg3 {[%clk 0:21:13]}
62. Ra3 {[%clk 0:12:30]} Re6 {[%clk 0:21:02]} 63. Rc3 {[%clk 0:11:27]} Re3
{[%clk 0:21:13]} 64. Rc6 {[%clk 0:11:27]} Kxf3 {[%clk 0:20:41]} 65. Rf6
{[%clk 0:11:21]} Kg3 {[%clk 0:18:53]} 66. Rg6+ {[%clk 0:10:57]} Kf2
{[%clk 0:19:03]} 67. Rf6 {[%clk 0:10:19]} f3 {[%clk 0:18:52]} 68. Kxh6
{[%clk 0:10:21]} Ke1 {[%clk 0:17:49]} 69. Kg5 {[%clk 0:10:37]} f2
{[%clk 0:18:03]} 70. Kg4 {[%clk 0:10:51]} f1=Q {[%clk 0:18:08]} 71. Rxf1+
{[%clk 0:11:13]} Kxf1 {[%clk 0:18:36]} 72. Kf5 {[%clk 0:11:35]} Ke2
{[%clk 0:18:43]} 73. Kf4 {[%clk 0:11:53]} Kd3 {[%clk 0:18:41]} 74. Kf5
{[%clk 0:12:15]} Re4 {[%clk 0:18:45]} 75. Kg6 {[%clk 0:12:29]} Rf4
{[%clk 0:18:54]} 76. Kh5 {[%clk 0:12:50]} Ke3 {[%clk 0:18:47]} 77. Kh6
{[%clk 0:13:04]} Rg4 {[%clk 0:19:03]} 78. Kh5 {[%clk 0:13:29]} Kf4
{[%clk 0:18:31]} 79. Kh6 {[%clk 0:13:52]} Kf5 {[%clk 0:18:44]} 80. Kh7
{[%clk 0:14:19]} Kf6 {[%clk 0:18:38]} 81. Kh8 {[%clk 0:14:45]} Kf7
{[%clk 0:18:55]} 82. Kh7 {[%clk 0:15:05]} Rh4# {[%clk 0:19:20]} 0-1

[Event "George Trundle NZ Reserves 2017"]
[Site "Auckland, NZL"]
[Date "2017.10.07"]
[Round "8.3"]
[White "Nagorski, Alex"]
[Black "Wang, Aaron Ziwen"]
[Result "1-0"]
[BlackElo "1530"]
[WhiteElo "1843"]
[LiveChessVersion "1.4.8"]

1. e4 {[%clk 1:30:50]} c5 {[%clk 1:30:45]} 2. Nf3 {[%clk 1:31:06]} d6
{[%clk 1:31:03]} 3. d4 {[%clk 1:31:28]} cxd4 {[%clk 1:31:06]} 4. Nxd4
{[%clk 1:31:53]} Nf6 {[%clk 1:30:50]} 5. Nc3 {[%clk 1:32:16]} a6 {[%clk 1:31:01]}
6. Bg5 {[%clk 1:32:30]} e6 {[%clk 1:31:06]} 7. f4 {[%clk 1:32:55]} Be7
{[%clk 1:31:01]} 8. Qf3 {[%clk 1:33:19]} Qc7 {[%clk 1:30:36]} 9. O-O-O
{[%clk 1:33:42]} Nbd7 {[%clk 1:30:42]} 10. g4 {[%clk 1:32:52]} b5
{[%clk 1:30:52]} 11. Bxf6 {[%clk 1:33:16]} Nxf6 {[%clk 1:30:12]} 12. g5
{[%clk 1:32:42]} Nd7 {[%clk 1:30:26]} 13. f5 {[%clk 1:33:00]} Bxg5+
{[%clk 1:30:45]} 14. Kb1 {[%clk 1:33:25]} Ne5 {[%clk 1:31:03]} 15. Qh5
{[%clk 1:29:14]} Qe7 {[%clk 1:30:15]} 16. Nxe6 {[%clk 1:28:09]} Bxe6
{[%clk 1:28:47]} 17. fxe6 {[%clk 1:27:52]} g6 {[%clk 1:28:59]} 18. exf7+
{[%clk 1:27:08]} Kxf7 {[%clk 1:29:14]} 19. Qe2 {[%clk 1:25:44]} Kg7
{[%clk 1:28:16]} 20. Nd5 {[%clk 1:25:10]} Qa7 {[%clk 1:27:18]} 21. h4
{[%clk 1:24:55]} Bh6 {[%clk 1:26:37]} 22. h5 {[%clk 1:20:49]} Rhf8
{[%clk 1:16:56]} 23. hxg6 {[%clk 1:20:49]} hxg6 {[%clk 1:16:58]} 24. Qh2
{[%clk 1:15:01]} Rh8 {[%clk 1:13:24]} 25. Be2 {[%clk 1:10:03]} Be3
{[%clk 0:59:38]} 26. Qg3 {[%clk 1:09:31]} Rxh1 {[%clk 0:59:00]} 27. Rxh1
{[%clk 1:09:40]} Bd2 {[%clk 0:45:46]} 28. Qh4 {[%clk 1:08:21]} Qf7
{[%clk 0:42:35]} 29. Qh7+ {[%clk 1:07:53]} Kf8 {[%clk 0:42:53]} 30. Qh8+
{[%clk 1:07:24]} Qg8 {[%clk 0:42:29]} 31. Qf6+ {[%clk 1:04:20]} Nf7
{[%clk 0:42:03]} 32. Ne7 {[%clk 0:52:22]} Qg7 {[%clk 0:35:56]} 33. Nxg6+
{[%clk 0:52:18]} Kg8 {[%clk 0:36:11]} 34. Ne7+ {[%clk 0:52:35]} Kf8
{[%clk 0:36:31]} 35. Rh8+ {[%clk 0:52:55]} Qxh8 {[%clk 0:36:32]} 36. Ng6+
{[%clk 0:53:18]} Kg8 {[%clk 0:36:19]} 37. Nxh8 {[%clk 0:53:33]} Nxh8
{[%clk 0:36:27]} 38. Qxd6 {[%clk 0:53:37]} Nf7 {[%clk 0:35:40]} 39. Qxd2
{[%clk 0:53:48]} Rd8 {[%clk 0:36:00]} 40. Qe3 {[%clk 1:23:22]} Kf8
{[%clk 1:04:47]} 41. c4 {[%clk 1:23:39]} bxc4 {[%clk 1:03:27]} 42. Bxc4
{[%clk 1:24:02]} a5 {[%clk 1:03:36]} 43. Bxf7 {[%clk 1:24:19]} Kxf7
{[%clk 1:03:55]} 44. Qf4+ 1-0

[Event "George Trundle NZ Reserves 2017"]
[Site "Auckland, NZL"]
[Date "2017.10.07"]
[Round "8.4"]
[White "Qin, Nicole Shu Yu"]
[Black "Qin, Oscar Shu Xuan"]
[Result "1/2-1/2"]
[BlackElo "1415"]
[WhiteElo "1547"]
[LiveChessVersion "1.4.8"]

1. d4 {[%clk 1:30:58]} d5 {[%clk 1:30:26]} 2. c4 {[%clk 1:31:23]} c6
{[%clk 1:30:51]} 3. Nc3 {[%clk 1:31:49]} Nf6 {[%clk 1:31:08]} 4. cxd5
{[%clk 1:32:06]} cxd5 {[%clk 1:31:15]} 5. Bf4 {[%clk 1:32:17]} Nc6
{[%clk 1:30:51]} 6. Nf3 {[%clk 1:32:08]} Bf5 {[%clk 1:31:04]} 7. e3
{[%clk 1:31:44]} a6 {[%clk 1:30:50]} 8. a3 {[%clk 1:31:32]} e6 {[%clk 1:30:00]}
9. Qd2 {[%clk 1:31:15]} Bd6 {[%clk 1:29:41]} 10. Ne5 {[%clk 1:31:06]} Bxe5
{[%clk 1:29:30]} 11. dxe5 {[%clk 1:31:24]} Ng4 {[%clk 1:28:01]} 12. h3
{[%clk 1:30:44]} Ngxe5 {[%clk 1:28:18]} 13. Bxe5 {[%clk 1:31:08]} Nxe5
{[%clk 1:28:29]} 14. Qd4 {[%clk 1:31:26]} f6 {[%clk 1:27:40]} 15. Be2
{[%clk 1:29:22]} Nc6 {[%clk 1:27:26]} 16. Qd2 {[%clk 1:29:47]} O-O
{[%clk 1:27:40]} 17. O-O {[%clk 1:30:06]} Qd6 {[%clk 1:27:50]} 18. e4
{[%clk 1:29:41]} Bg6 {[%clk 1:27:37]} 19. exd5 {[%clk 1:28:19]} Rfd8
{[%clk 1:27:23]} 20. Rad1 {[%clk 1:25:50]} Ne7 {[%clk 1:25:24]} 21. Bf3
{[%clk 1:24:14]} Rac8 {[%clk 1:24:41]} 22. Rfe1 {[%clk 1:23:26]} e5
{[%clk 1:24:28]} 23. Re2 {[%clk 1:22:45]} Rc5 {[%clk 1:24:20]} 24. Qe3
{[%clk 1:20:14]} Nf5 {[%clk 1:24:21]} 25. Qd2 {[%clk 1:19:35]} Nd4
{[%clk 1:24:16]} 26. Re3 {[%clk 1:18:35]} Bc2 {[%clk 1:23:42]} 27. Rde1
{[%clk 1:17:50]} b5 {[%clk 1:23:09]} 28. Be4 {[%clk 1:17:11]} Bxe4
{[%clk 1:23:07]} 29. Nxe4 {[%clk 1:17:29]} 1/2-1/2

[Event "George Trundle NZ Reserves 2017"]
[Site "Auckland, NZL"]
[Date "2017.10.07"]
[Round "8.5"]
[White "Carpinter, Bernard"]
[Black "Meng, Richard"]
[Result "1/2-1/2"]
[BlackElo "1646"]
[WhiteElo "1860"]
[LiveChessVersion "1.4.8"]

1. d4 {[%clk 1:30:57]} Nf6 {[%clk 1:29:31]} 2. Nf3 {[%clk 1:31:09]} e6
{[%clk 1:29:05]} 3. g3 {[%clk 1:30:42]} d5 {[%clk 1:23:54]} 4. Bg2
{[%clk 1:30:46]} c5 {[%clk 1:23:48]} 5. O-O {[%clk 1:27:10]} Nc6 {[%clk 1:21:50]}
6. c4 {[%clk 1:24:26]} Be7 {[%clk 1:19:10]} 7. cxd5 {[%clk 1:24:33]} Nxd5
{[%clk 1:16:23]} 8. dxc5 {[%clk 1:21:49]} O-O {[%clk 1:15:22]} 9. e4
{[%clk 1:21:12]} Nf6 {[%clk 1:15:03]} 10. Nc3 {[%clk 1:21:15]} Bxc5
{[%clk 1:14:39]} 11. Qe2 {[%clk 1:19:44]} e5 {[%clk 1:06:38]} 12. Rd1
{[%clk 1:19:52]} Qc7 {[%clk 1:05:58]} 13. Bg5 {[%clk 1:20:11]} Ng4
{[%clk 1:04:48]} 14. Nd5 {[%clk 1:18:33]} Qb8 {[%clk 1:02:54]} 15. Rf1
{[%clk 1:15:03]} h6 {[%clk 1:01:34]} 16. Bd2 {[%clk 1:14:41]} Qd6
{[%clk 0:55:56]} 17. h3 {[%clk 1:13:55]} Nf6 {[%clk 0:55:48]} 18. Nxf6+
{[%clk 1:13:22]} Qxf6 {[%clk 0:56:06]} 19. Be3 {[%clk 1:11:25]} Bxe3
{[%clk 0:56:04]} 20. Qxe3 {[%clk 1:11:42]} Be6 {[%clk 0:55:53]} 21. Rfd1
{[%clk 1:09:40]} Nb4 {[%clk 0:55:32]} 22. Qc3 {[%clk 1:09:20]} Nc6
{[%clk 0:55:13]} 23. b3 {[%clk 1:06:39]} Rac8 {[%clk 0:54:18]} 24. Qe3
{[%clk 1:03:43]} Rfd8 {[%clk 0:49:32]} 25. Kh2 {[%clk 1:01:50]} b6
{[%clk 0:44:01]} 26. Rxd8+ {[%clk 0:52:45]} Rxd8 {[%clk 0:43:21]} 27. Rc1
{[%clk 0:51:34]} Nb4 {[%clk 0:39:13]} 28. a3 {[%clk 0:48:54]} Na6
{[%clk 0:36:23]} 29. b4 {[%clk 0:48:41]} Bd7 {[%clk 0:13:35]} 30. Rd1
{[%clk 0:43:53]} Nb8 {[%clk 0:13:07]} 31. Qc3 {[%clk 0:41:55]} Re8
{[%clk 0:11:00]} 32. Rd5 {[%clk 0:41:59]} Kh7 {[%clk 0:09:32]} 33. Nxe5
{[%clk 0:41:02]} 1/2-1/2